000 01125nam a22003377a 4500
003 CHAP
005 20220329133631.0
008 971013s1991 r 00010 d
010 _a8841
011 _a9813
035 _a9049
040 _cCHAP
090 _aTesis
100 0 0 _aReyes Melo, Martín Edgar.
_996907
245 _aCaracterización de una enzima degradadora de almidón (AMILASA), obtenida a partir de una bacteria aislada del medio ambiente
260 _aMarín, N.L. :
_bEl autor,
_c1991
300 _a49 h.
_b; gráfs
502 _aTesis (Ing. en Industrias Alimentarias) -- UANL. Fac. de Agronomía
590 _aALEPH
_b10
_c20130110
_lUCH01
_h1224
590 _aBATCH-UPD
_b10
_c20130110
_lUCH01
_h1402
590 _aBATCH-UPD
_b10
_c20130410
_lUCH01
_h0853
590 _aBATCH-UPD
_b10
_c20130914
_lUCH01
_h0241
590 _aCONVERSION
_b10
_c20130109
_lUCH01
_h1306
650 1 4 _aAlmidón
_xEnzimas.
_94545
650 1 4 _aBiotecnología.
_912878
650 1 4 _aEnzimas.
_937195
650 1 4 _aPapa
_xAlmidón.
_985168
901 _aBK
942 _cTESIS
949 _bBC
_cTES
_d-19550
_eTS1
_h30005
_i9049
_mD
_si
999 _c8841
_d8841